• 首页
  • 本馆介绍
  • 公告通知
  • 最新文献
  • 馆藏检索
  • 电子资源
  • 读者导购
  • 参考咨询
  • 我的图书馆
  • 登录
  • 详细信息显示
  • 放入我的书架
  • 预约/预借图书
  • 作者相关作品
  • 分类相关作品
  • 丛书相关作品
  • 出版社相关作品

书目信息

  • 表格格式
  • 工作单格式
  • 卡片格式
题名:
中国篆隶名作鉴赏
    
 
作者: 张弘 主编
分册:  
出版信息: 呼和浩特   远方出版社  2004
页数: 246页
开本: 21cm
丛书名: 中国书画鉴赏大系
单 册:
中图分类: J292.31 , J292.113.2
科图分类:
主题词: 篆书--法书--鉴赏--中国--选集 , 隶书--法书--鉴赏--中国--选集 , 篆书 , 法书 , 隶书
电子资源:
ISBN: 7-80595-932-3
000 00808oam2 2200289 450
001 1251581167
005 20121019142046.70
010    @a7-80595-932-3@dCNY25.00
100    @a20050104d2004 em y0chiy50 ea
101 0  @achi
102    @aCN@b150000
105    @aa z 000yd
200 1  @a中国篆隶名作鉴赏@Azhong guo zhuan li ming zuo jian shang@f张弘主编
210    @a呼和浩特@c远方出版社@d2004
215    @a246页@c图@d21cm
225 2  @a中国书画鉴赏大系
461  0 @12001 @a中国书画鉴赏大系
606 0  @a篆书@x法书@x鉴赏@y中国@j选集
606 0  @a隶书@x法书@x鉴赏@y中国@j选集
606 0  @a篆书
606 0  @a法书
606 0  @a隶书
690    @aJ292.31@v4
690    @aJ292.113.2@v4
701  0 @a张弘@Azhang hong@c(书画)@4主编
801  0 @aCN@bNLC@c20101222
905    @a10447@dJ292.31@eJY90
    
    中国篆隶名作鉴赏/张弘主编.-呼和浩特:远方出版社,2004
    246页:图;21cm.-(中国书画鉴赏大系)
    
    
    ISBN 7-80595-932-3:CNY25.00
    
●
相关链接 在E读中查询图书 在五车中查询图书 在当当中查询图书 在豆瓣中查询图书


正题名:中国篆隶名作鉴赏     索取号:J292.31/JY90         预约/预借

序号 登录号 条形码 馆藏地/架位号 状态 备注
1 7832721   278327213   学院路分馆/ [索取号:J292.31/JY90] 在馆    
2 7832722   278327222   学院路分馆/ [索取号:J292.31/JY90] 在馆    
3 7832723   278327231   学院路分馆/ [索取号:J292.31/JY90] 在馆    
4 7832724   278327240   学院路分馆/ [索取号:J292.31/JY90] 在馆    
唐山师范学院图书馆 欢迎您!
大连网信软件有限公司© 版权所有